Unternehmen Deutsch grundkurs 2 audio CDs

Gespeichert in:
Bibliographische Detailangaben
1. Verfasser: Becker, Norbert
Weitere Verfasser: Braunert, Jörg, Schlenker, Wolfram
Format: Buch
Sprache:Deutsch
Veröffentlicht: Stuttgart Ernst Klett Sprachen GmbH 2005
Schlagworte:
Tags: Tag hinzufügen
Keine Tags, Fügen Sie das erste Tag hinzu!

MARC

LEADER 00000nlm a2200000 4500
001 0162635
005 20240109100822.8
020 |a 3-12-675739-1 
041 0 |a ger 
044 |a DE 
245 1 0 |a Unternehmen Deutsch  |b grundkurs 2 audio CDs  |c Norbert Becker, Jörg Braunert, Wolfram Schlenker 
264 1 |a Stuttgart  |b Ernst Klett Sprachen GmbH  |c 2005 
300 |a 2 audio CDs 
610 2 0 |a jazykoveda 
610 2 0 |a gramatika 
610 2 0 |a jazyky cudzie 
610 2 0 |a nemčina 
610 2 0 |a vyučovanie 
100 1 |a Becker, Norbert 
700 1 |a Braunert, Jörg 
700 1 |a Schlenker, Wolfram